Studiare musica: obiettivi e percorsi (Record n. 74654)
[ formato base ]
| 000 -LEADER | |
|---|---|
| fixed length control field | 01064nam a2200325Ia 4500 |
| 001 - CONTROL NUMBER | |
| control field | 63308 |
| 003 - CONTROL NUMBER IDENTIFIER | |
| control field | IT-RoPAU |
| 008 - FIXED-LENGTH DATA ELEMENTS--GENERAL INFORMATION | |
| fixed length control field | 130308s9999 xx 000 0 und d |
| 040 ## - CATALOGING SOURCE | |
| Original cataloging agency | IT-RoPAU |
| 040 ## - CATALOGING SOURCE | |
| Transcribing agency | IT-RoPAU |
| 041 ## - LANGUAGE CODE | |
| Language code of text/sound track or separate title | ITALIANO |
| 999 ## - SYSTEM CONTROL NUMBERS (KOHA) | |
| Koha Dewey Subclass [OBSOLETE] | SI |
| 100 ## - MAIN ENTRY--PERSONAL NAME | |
| Personal name | AA.VV. |
| 100 ## - MAIN ENTRY--PERSONAL NAME | |
| Miscellaneous information | Codice Aut. SPICS: 12000 |
| 245 ## - TITLE STATEMENT | |
| Title | Studiare musica: obiettivi e percorsi |
| 245 ## - TITLE STATEMENT | |
| Remainder of title | Studiare Musica: Obiettivi e Percorsi |
| 250 ## - EDITION STATEMENT | |
| Edition statement | 1a ed. |
| 260 ## - PUBLICATION, DISTRIBUTION, ETC. (IMPRINT) | |
| Place of publication, distribution, etc. | BOLOGNA |
| 260 ## - PUBLICATION, DISTRIBUTION, ETC. (IMPRINT) | |
| Name of publisher, distributor, etc. | Clueb |
| 260 ## - PUBLICATION, DISTRIBUTION, ETC. (IMPRINT) | |
| Date of publication, distribution, etc. | 1987 [1° Ed.:1987 - Ed.Ling.Originale:1987] |
| 300 ## - PHYSICAL DESCRIPTION | |
| Extent | "164 p. (prefazione: no ; testo: 164)" |
| 500 ## - GENERAL NOTE | |
| General note | Metodologia dell'Educazione Musicale Musica nella Scuola Media Semiologia della Musica Perche' studiare Musica? Come studiare Musica? Perche' la Musica nelle Scuole? Perche' e Quale Musicologia? Lavoro di gruppo di 150 Studenti Dams di Bologna |
| 650 ## - SUBJECT ADDED ENTRY--TOPICAL TERM | |
| Topical term or geographic name as entry element | EDUCAZIONE ALLA MUSICA |
| 650 ## - SUBJECT ADDED ENTRY--TOPICAL TERM | |
| Relator term | Codice materia Spics: 7012 |
| 700 ## - ADDED ENTRY--PERSONAL NAME | |
| Personal name | Stefani Gino |
| 700 ## - ADDED ENTRY--PERSONAL NAME | |
| Miscellaneous information | Codice Aut. SPICS: 1035 |
| 942 ## - ADDED ENTRY ELEMENTS (KOHA) | |
| Koha item type | LIBRO |
| 957 ## - | |
| -- | 1 |
| 999 ## - SYSTEM CONTROL NUMBERS (KOHA) | |
| -- | 1 |
| Withdrawn status | Lost status | Damaged status | Not for loan | Home library | Current library | Date acquired | Total Checkouts | Full call number | Date last seen | Price effective from | Koha item type | Public note |
|---|---|---|---|---|---|---|---|---|---|---|---|---|
| Buone Condizioni | Not For Loan | SPICS-MEDIATECA | SPICS-MEDIATECA | 08/03/2013 | 63308 | 08/03/2013 | 08/03/2013 | LIBRO | Progressivo inserimento: 52177 / N. Volumi: 1 Copie: 1 Copia Rara: SI / data import: 1 marzo 2013 - By Epidotti, Trombetti, Vaglietti. |